Nagasaki - Choix multiples - Statistiques

Statistiques générales
  • Ce quiz a été pris 9 fois
  • Le résultat moyen est 5 sur 10
Statistiques - réponses
Question Réponse % Correct
En quel mois de 1945 Nagasaki a-t-elle été touchée par une bombe atomique ? Août
75%
Outre Nagasaki, quelle autre ville japonaise a été ravagée par une bombe atomique ? Hiroshima
75%
Comment appelle-t-on les survivants des bombes atomiques de Nagasaki et de la ville précédente, personnes fortement irradiées et pour qui les risques de cancers furent élevés ? Les Hibakusha
75%
Quel parc a été conçu afin d'honorer les victimes du bombardement atomique de la ville en 1945 ? Le parc de la Paix
50%
Quel Etat européen a établi un comptoir commercial majeur à Nagasaki au XVIe siècle assurant la prospérité du port ? Le Portugal
50%
Qui sont les "Kakure kirishitan" que rencontra le futur évêque de Nagasaki Mgr Bernard Petitjean après y avoir fait construire l'église dédiée aux vingt-six martyrs en 1865 ? Une communauté catholique japonaise, clandestine depuis des siècles.
50%
Dans quelle ville française du pays chti trouve-t-on dans une chapelle un lieu dédié à la mémoire des martyrs de Nagasaki ? Cambrai
38%
Sur quelle île japonaise se situe Nagasaki ? Kyūshū
38%
Quel Pape canonisa les 26 martyrs de Nagasaki, le 8 juin 1862 ? Pie IX
38%
Quel saint arriva au Japon en 1549 et évangélisa de nombreux Japonais dans la région de Nagasaki ? Saint François-Xavier
25%
Aucun quiz correspondant
Distribution des résultats
% des personnes avec chaque résultat
Percentile par nombre de réponses
Votre historique - résultats
Vous n’avez pas pris ce quiz